000 00928nam a2200265 a 4500
001
003 DO-SdBNP
005 20220408084756.0
008 180529s2017 dr 000 spa d
020 _a9789945590708
040 _aDO-SdBNP
_bspa
_cBPMSU
082 _a324.6
_bB352a 2017
_222
100 1 _aBautista Rivera, Glennys
245 1 0 _aAnálisis y perspectivas de las elecciones primarias en República Dominicana /
_cGlennys Bautista Rivera, Vladimir Rozón
260 _aSanto Domingo :
_bFundación Global Democracia y Desarrollo,
_c2017.
300 _a74 p. ;
_c24 cm.
590 _aInventariado,2018/DG
650 4 _aElecciones
_zRepública Dominicana
650 4 _aParticipación política
_zRepública Dominicana
650 4 _aPlebiscito
_zRepública Dominicana
650 4 _aCandidatos políticos
_zRepública Dominicana
_3
700 1 _aRozón, Vladimier
910 _aVMateo V.
942 _2ddc
_cBK
999 _c14153
_d14153